00552nam a2200157Ia 4500020001700000082002000017100002100037245007500058260005000133300000900183440003900192650002800231650005400259650003500313650004600348 a8187837-02-0 a325.21095 GHO-; aGhosh, Partha S. 0aMigrants and refugees in South Asia: political and security dimensions aShillongbNorth-Eastern Hill Universityc2001 a71p. aNEHU-NERC-ICSSR lectures series; 7 aImmigrants - South Asia aRefugees - International cooperation - South Asia aPolitical aspects - South Asia aRefugees - Government policy - South Asia